| 000 | 00345nam a22001217a 4500 | ||
|---|---|---|---|
| 008 | 230612b xxu||||| |||| 00| 0 eng d | ||
| 082 |
_a354.62 _bGOK |
||
| 100 | _cGovernment of Kenya | ||
| 245 | _aTreasury Memorandum on Public Accounts Committee Reports for the Years 1977-1984 | ||
| 260 |
_aKenya _bGOK _c1984 |
||
| 300 | _a102p | ||
| 942 |
_2ddc _cBK |
||
| 999 |
_c1069 _d1069 |
||